000 00873nam a22002412 4500
001 0000004019
005 20151217145749.0
008 070517s xx 000 0 eng d
020 _a0079116922 :
_cKES 500 (don.)
040 _aKABU
_cKABU
050 0 _aQA76.64
_b.B47
100 1 _aBergin. Joseph.
_@0000154342
245 1 0 _aData abstraction :
_bthe object-oriented approach using C++. /
_cJoseph Bergin.
260 _aNew York :
_bMcGraw-Hill,
_cc1994.
300 _axxi, 666 p. ;
_c25 cm. +
_e1 computer disk (3.5 in.)
440 0 _aMcGraw-Hill series in computer science
_@0000154343
650 0 _aObject oriented programming (Computer science)
_@0000148166
650 0 _aC++ (Computer program language)
_@0000154344
908 _a070517
950 _@1
999 _c2385
_d2385